History of the Indian National Congress, (1885-1935), Vol.-1 / (Record no. 22429)
[ view plain ]
| 000 -LEADER | |
|---|---|
| fixed length control field | 00858cam a2200253 4500 |
| 001 - CONTROL NUMBER | |
| control field | 2687501 |
| 003 - CONTROL NUMBER IDENTIFIER | |
| control field | BDDh-ASL |
| 005 - DATE AND TIME OF LATEST TRANSACTION | |
| control field | 20231015030130.0 |
| 008 - FIXED-LENGTH DATA ELEMENTS--GENERAL INFORMATION | |
| fixed length control field | 691110m19699999ii 000 0 eng |
| 010 ## - LIBRARY OF CONGRESS CONTROL NUMBER | |
| LC control number | 74900327 |
| 040 ## - CATALOGING SOURCE | |
| Original cataloging agency | DLC |
| Transcribing agency | DLC |
| Modifying agency | DLC |
| -- | BDDh-ASL |
| 050 00 - LIBRARY OF CONGRESS CALL NUMBER | |
| Classification number | DS448 |
| Item number | .P3215 |
| 082 00 - DEWEY DECIMAL CLASSIFICATION NUMBER | |
| Classification number | 324.254 |
| Edition number | 20 |
| Item number | SIH |
| 100 2# - MAIN ENTRY--PERSONAL NAME | |
| Personal name | Pattabhi Sitaramayya, Bhogaraju. |
| 245 10 - TITLE STATEMENT | |
| Title | History of the Indian National Congress, (1885-1935), Vol.-1 / |
| Statement of responsibility, etc. | by B. Pattabhi Sitaramayya. With an introd. by Rajendra Prasad. |
| 260 ## - PUBLICATION, DISTRIBUTION, ETC. | |
| Place of publication, distribution, etc. | Delhi : |
| Name of publisher, distributor, etc. | S. Chand : |
| Date of publication, distribution, etc. | 1969- |
| 300 ## - PHYSICAL DESCRIPTION | |
| Extent | v-1, 690 p. : |
| Dimensions | 24 cm. |
| 350 ## - PRICE (NR) (BK AM CF MU VM SE) [OBSOLETE] | |
| Price | 50.00 (v. 1) varies |
| 505 1# - FORMATTED CONTENTS NOTE | |
| Formatted contents note | v. 1. 1885-1935.--v. 2. 1935-1947. |
| 610 20 - SUBJECT ADDED ENTRY--CORPORATE NAME | |
| Corporate name or jurisdiction name as entry element | Indian National Congress. |
| 651 #0 - SUBJECT ADDED ENTRY--GEOGRAPHIC NAME | |
| Geographic name | India |
| General subdivision | Politics and government |
| Chronological subdivision | 1765-1947. |
| 906 ## - LOCAL DATA ELEMENT F, LDF (RLIN) | |
| a | 7 |
| b | cbc |
| c | orignew |
| d | u |
| e | ncip |
| f | 19 |
| g | y-gencatlg |
| 942 ## - ADDED ENTRY ELEMENTS (KOHA) | |
| Source of classification or shelving scheme | Dewey Decimal Classification |
| Koha item type | Books |
| Withdrawn status | Lost status | Source of classification or shelving scheme | Damaged status | Not for loan | Collection code | Home library | Current library | Shelving location | Date acquired | Serial Enumeration / chronology | Total Checkouts | Full call number | Barcode | Date last seen | Copy number | Price effective from | Koha item type | Public note |
|---|---|---|---|---|---|---|---|---|---|---|---|---|---|---|---|---|---|---|
| Dewey Decimal Classification | Damaged | Not For Loan | Non-fiction | Asiatic Society Library | Asiatic Society Library | General Stacks | 02/27/2021 | V-1 | 324.254 SIH | 106675 | 02/27/2021 | C-1 | 02/27/2021 | Books | RARE |